Bad boy : (Record no. 4428)

MARC details
000 -LEADER
fixed length control field 01164nam a22002537a 4500
001 - CONTROL NUMBER
control field 4428
003 - CONTROL NUMBER IDENTIFIER
control field FISKH
005 - DATE AND TIME OF LATEST TRANSACTION
control field 20260127142358.0
008 - FIXED-LENGTH DATA ELEMENTS--GENERAL INFORMATION
fixed length control field 240905b cb ||||| |||| 00| 0 eng d
020 ## - INTERNATIONAL STANDARD BOOK NUMBER
International Standard Book Number 9780439823197
040 ## - CATALOGING SOURCE
Original cataloging agency FISKH
Language of cataloging eng
Transcribing agency FISKH
Modifying agency FISKH
050 ## - LIBRARY OF CONGRESS CALL NUMBER
Classification number PS3563.Y48
082 ## - DEWEY DECIMAL CLASSIFICATION NUMBER
Edition number 813.54
100 ## - MAIN ENTRY--PERSONAL NAME
Personal name Myers , Water Dean
Dates associated with a name (1937–2014)
245 ## - TITLE STATEMENT
Title Bad boy :
Statement of responsibility, etc. By Walter Dean Myers
Remainder of title a mirror /
250 ## - EDITION STATEMENT
Edition statement First printing 2005
260 ## - PUBLICATION, DISTRIBUTION, ETC.
Place of publication, distribution, etc. New York :
Name of publisher, distributor, etc. Scholastic,
Date of publication, distribution, etc. 2005.
300 ## - PHYSICAL DESCRIPTION
Extent 206 pages :
Dimensions 20cm
520 ## - SUMMARY, ETC.
Summary, etc. As a boy, Myers was quick-tempered and physically strong, always ready for a fight. He also read voraciously�he would check out books from the library and carry them home, hidden in brown paper bags in order to avoid other boys' teasing. He aspired to be a writer (and he eventually succeeded).<br/>But as his hope for a successful future diminished, the values he had been taught at home, in school, and in his community seemed worthless, and he turned to the streets and to his books for comfort.
650 ## - SUBJECT ADDED ENTRY--TOPICAL TERM
Source of heading or term Biography
Topical term or geographic name entry element Family
Form subdivision Growing up
650 ## - SUBJECT ADDED ENTRY--TOPICAL TERM
Source of heading or term Identity
Form subdivision 20th century
942 ## - ADDED ENTRY ELEMENTS (KOHA)
Source of classification or shelving scheme Dewey Decimal Classification
Koha item type Books
Suppress in OPAC No
Holdings
Withdrawn status Lost status Source of classification or shelving scheme Damaged status Not for loan Collection Home library Current library Shelving location Date acquired Total Checkouts Full call number Barcode Date last seen Date last checked out Copy number Price effective from Koha item type
    Dewey Decimal Classification     Fiction Footprints International School Library Network Toul Tom Poung Campus Footprints International School Library Network Toul Tom Poung Campus TTP Secondary Fiction Bookshelves 09/05/2024 4 MYE 813.54 PS3563.Y48 2024-1888 01/23/2026 01/22/2026 1 09/05/2024 Books
    Dewey Decimal Classification     Fiction Footprints International School Library Network Toul Tom Poung Campus Footprints International School Library Network Toul Tom Poung Campus TTP Secondary Fiction Bookshelves 09/13/2024   MYE 813.54 PS3563.Y48 2024-1943 09/13/2024   2 09/13/2024 Books
    Dewey Decimal Classification     Fiction Footprints International School Library Network Toul Tom Poung Campus Footprints International School Library Network Toul Tom Poung Campus TTP Secondary Fiction Bookshelves 02/02/2026   MYE 813.54 PS3563.Y48 2026-0235 02/02/2026   3 02/02/2026 Books